00000000nam 2200000zi 4500
0019.933989
003CaOODSP
00520240501092932
006m     o  d f      
007cr bn|||||||||
008240215s2007    onc     o    f000 0 fre d
040 |aCaOODSP|bfre|erda|cCaOODSP
043 |an-cn---
0861 |aPS84-236/2007-1F-PDF
24500|aPlan d'action final - fermeture du dossier - 394-2-20 : |bévaluation du Pavillon de ressourcement Okimaw Ohci.
24610|aÉvaluation du Pavillon de ressourcement Okimaw Ohci
264 1|a[Ottawa] : |b[Service correctionnel Canada], |c[2007]
300 |a1 ressource en ligne (2 pages)
336 |atexte|btxt|2rdacontent/fre
337 |ainformatique|bc|2rdamedia/fre
338 |aressource en ligne|bcr|2rdacarrier/fre
500 |aTitre de départ.
500 |aPublié aussi en anglais sous le titre : Final action plan - file closure - 394-2-20 : evaluation of the Okimaw Ohci Healing Lodge.
520 |a« Recommandations, mesures prises et suivi d'évaluation du Pavillon de ressourcement Okimaw Ohci » -- Page 1.
61026|aOkimaw Ohci Healing Lodge (Maple Creek, Sask.)|xÉvaluation.
650 6|aCriminelles|xRéhabilitation|zSaskatchewan|xÉvaluation.
7102 |aService correctionnel Canada, |eorganisme de publication.
77508|tFinal action plan - file closure - 394-2-20 : |w(CaOODSP)9.930187
85640|qPDF|s38 Ko|uhttps://publications.gc.ca/collections/collection_2024/scc-csc/PS84-236-2007-1-fra.pdf